| 000 | 00866cab a22001935a 4500 | ||
|---|---|---|---|
| 001 | L143466 | ||
| 008 | 080514e20080509xxkad f s 000 0 eng d | ||
| 035 | _a(Sirsi) u143466 | ||
| 041 | 0 | _aeng | |
| 100 | 1 | _aHedley, Christopher | |
| 245 | 0 | 0 | _aTenants take the lead |
| 260 | _ac2008 | ||
| 490 | 0 |
_aProperty Week _v73(19) 9 May 2008, 55(1) |
|
| 520 | _aReports on how break clauses and shorter leases have shifted the balance of power between commerical landlord and tenant towards the tenant. Suggests that this trend is a fundamental change in the UK property market. Finds that rent levels are falling as a result and that voids will feature more in investment portfolios. | ||
| 590 | _aKA | ||
| 651 | 4 |
_aUnited Kingdom _y |
|
| 690 | _aPROPERTY-COMMERCIAL PROPERTY-LEASEHOLD COMMERCIAL PROPERTY-COMMERCIAL LANDLORD AND TENANT-COMMERCIAL LEASES | ||
| 942 | _n0 | ||
| 999 |
_c80193 _d80193 |
||